| 000 | 01881cam a22004214i 4500 | ||
|---|---|---|---|
| 003 | PE-LiUPU | ||
| 005 | 20250731184101.0 | ||
| 008 | 190826s2012 flu r 000 0 spa d | ||
| 020 | _a9507691944 | ||
| 020 | _a9789507691942 | ||
| 035 | _a(Sirsi) a252517 | ||
| 040 |
_aPE-LiUPU _bspa _cPE-LiUPU _erda |
||
| 049 | _aPRUA | ||
| 082 | 0 | 4 |
_a863 _bCh574 _220 |
| 100 | 1 |
_aChristam, Donaldo R., _eautor. |
|
| 245 | 1 | 0 |
_aFuego salvaje : _buna historia real / _cDonaldo R. Christman. |
| 250 | _aTercera edición. | ||
| 264 | 1 |
_aFlorida : _bNew Life, _c2012. |
|
| 300 |
_a127 páginas ; _c20 centímetros |
||
| 336 |
_atext _2rdacontent |
||
| 337 |
_aunmediated _2rdamedia |
||
| 338 |
_avolume _2rdacarrier |
||
| 505 | 0 | _aAnsias de saber -- Alfredo se enrola en el ejército -- Dos vidas en busca de un ideal -- Dificultades -- ¡Fuego salvaje! -- Medidas heroicas -- Un sueño en medio de la jungla -- Haciendo frente a la deseperanza -- Con Dios en la hora de extrema necesidad -- En busca de un techo -- La providencia señala hacia cidrolandia -- Isidoro Jamar y su medicina -- Un remedio maravilloso -- Ayudando a otros con abnegado amor -- Un ministerio en expasión -- Palabras finales. | |
| 526 | _aP145 | ||
| 526 | _aP127 | ||
| 526 | _aP97 | ||
| 526 | _aP14 | ||
| 526 | _aP07 | ||
| 650 | 0 | 4 | _aNarrativa testimonial. |
| 910 |
_abgr _bncf _cncf _d20190826 |
||
| 942 |
_2ddc _cBOOK |
||
| 994 |
_aC0 _bPEPRU |
||
| 598 | _aCATALOGING | ||
| 596 | _a1 | ||
| 999 |
_a863 CH574 _wDEWEY _c31744 _i80571 _lCRAI-HOUSE _mBUL _p10.00 _r0 _sY _tBOOK _u2019-8-26 _xCOLEGIO _zUNKNOWN _0DONACION _o.STAFF. Colección General _d31744 |
||
| 999 |
_a863 CH574 _wDEWEY _c2 _i80572 _lCRAI-HOUSE _mBUL _p10.00 _r0 _sY _tBOOK _u2019-8-26 _xCOLEGIO _zUNKNOWN _0DONACION _o.STAFF. Colección General |
||
| 980 |
_81 _gALBERTO SANCHEZ Responsable de Automatización |
||